Powiaty sąsiadujące z powiatem Krośnieńskim - Statystyki

Ogólne statystyki
  • Ten quiz został rozwiązany 43 razy
  • Średni wynik to 5 z 6
Statystyki odpowiedzi
Powiat % Poprawnych
Powiat Strzyżowski
94%
Powiat Brzozowski
89%
Powiat Jasielski
89%
Powiat Sanocki
89%
Krosno (miasto na prawach powiatu)
72%
Kraj Preszowski (Słowacja)
33%
Nie znaleziono quizów pasujących do podanych kryteriów
Rozkład punktacji
Procent ludzi z każdym wynikiem
Percentyl według liczby udzielonych odpowiedzi
Twoja historia wyników
Nie rozwiązałeś tego quizu